[Event "ECC"]
[Site "Rethymnon GRE"]
[Date "2003.09.30"]
[Round "3"]
[White "Degraeve,JM"]
[Black "Markowski,T"]
[Result "0-1"]
[WhiteElo "2541"]
[BlackElo "2610"]
[EventDate "2003.09.28"]

1. e4 c5 2. Nf3 e6 3. c3 d5 4. e5 d4 5. Bd3 Nc6 6. O-O Nge7 7. Re1 Ng6 8.
g3 f6 9. exf6 gxf6 10. cxd4 cxd4 11. Bc4 e5 12. d3 Na5 13. Qa4+ Bd7 14. Bb5
Nc6 15. Qb3 Bg4 16. Nbd2 Qd7 17. Ne4 Be7 18. Kg2 h5 19. Ng1 Rc8 20. Bd2 Be6
21. Bc4 Bxc4 22. dxc4 f5 23. Ng5 Bxg5 24. Bxg5 Na5 25. Qf3 e4 26. Rad1 Nc6
27. Qa3 Kf7 28. f3 Rhe8 29. fxe4 fxe4 30. Rf1+ Kg8 31. Rf6 Re6 32. Qc5 d3
33. Qf5 Nf8 34. Rf1 Rxf6 35. Qxf6 Qe6 36. Nh3 Ne5 37. Qxe6+ Nxe6 38. Bf6
Nxc4 39. Re1 d2 0-1

[Event "ECC"]
[Site "Rethymnon GRE"]
[Date "2003.09.30"]
[Round "3"]
[White "Kuzmin,Ge"]
[Black "Huzman,A"]
[Result "1/2-1/2"]
[WhiteElo "2516"]
[BlackElo "2574"]
[EventDate "2003.09.28"]

1. e4 e5 2. Nf3 Nf6 3. Nxe5 d6 4. Nf3 Nxe4 5. d4 d5 6. Bd3 Nc6 7. O-O Be7
8. c4 Nb4 9. Be2 O-O 10. Nc3 Be6 11. Be3 Bf5 12. Rc1 dxc4 13. Bxc4 Nxc3 14.
bxc3 Nc6 15. Bd3 Bxd3 16. Qxd3 Qd7 17. c4 Bf6 18. Rfd1 Rfe8 19. Qb1 b6 20.
h3 Ne7 21. Bf4 Ng6 22. Bg3 Rac8 23. Qc2 h6 24. Rb1 Be7 25. c5 Qd5 26. Rbc1
Bg5 27. Qc4 Ne7 28. Rc2 Qxc4 29. Rxc4 Nd5 30. a4 a6 31. Rb1 Rcd8 1/2-1/2

[Event "ECC"]
[Site "Rethymnon GRE"]
[Date "2003.09.30"]
[Round "3"]
[White "Areshchenko,A"]
[Black "Avrukh,B"]
[Result "1-0"]
[WhiteElo "2542"]
[BlackElo "2557"]
[EventDate "2003.09.28"]

1. e4 c5 2. Nf3 d6 3. d4 cxd4 4. Nxd4 Nf6 5. Nc3 Nc6 6. Bc4 e6 7. Bb3 Be7
8. Be3 O-O 9. f4 Bd7 10. Qf3 Nxd4 11. Bxd4 Bc6 12. f5 exf5 13. Qxf5 Bd7 14.
Qf4 Be6 15. O-O-O Qc8 16. h3 Bxb3 17. axb3 Qe6 18. Kb1 Rfc8 19. Rhe1 Nd7
20. Nd5 Bf8 21. Qg3 a5 22. Nf4 Qh6 23. Bc3 a4 24. bxa4 Rxa4 25. b3 Ra6 26.
Bb2 Ne5 27. Rd5 Be7 28. Red1 Bh4 29. Qe3 Rac6 30. g3 Be7 31. c4 Qg5 32. Rb5
b6 33. Nd5 Qxe3 34. Nxe3 Nd7 35. Nf5 Bf8 36. Ba3 Nc5 37. Nd4 R6c7 38. Rxb6
Nxe4 39. Nb5 Rc6 40. Rxc6 Rxc6 41. g4 g6 42. Kc2 f6 43. Nc3 Nxc3 44. Kxc3
Ra6 45. Bb2 f5 46. b4 Bg7+ 47. Kb3 Bxb2 48. Kxb2 Kf7 49. b5 Rb6 50. gxf5
gxf5 51. Kc3 Ke6 52. Kd4 Rb8 53. Re1+ Kd7 54. Kd5 Rc8 55. Rg1 Rc5+ 56. Kd4
f4 57. Rg7+ Ke6 58. b6 Rc6 59. b7 Rb6 60. Ke4 Rb4 61. Kxf4 Rxc4+ 62. Ke3
Rb4 63. Rxh7 d5 64. Kd3 d4 65. Ke4 Kf6 66. Rd7 Ke6 67. Rc7 Kf6 68. Rh7 Kg6
69. Rd7 Kh6 70. Kd5 d3 71. Rd6+ Kh5 72. Kc6 Rb3 73. Rxd3 Rxd3 74. b8=Q Rxh3
75. Kd5 Rf3 76. Ke4 Rf6 77. Qh8+ Kg6 78. Qh4 Ra6 79. Qg3+ Kh6 80. Qh2+ Kg6
81. Qg1+ Kh7 82. Qd4 Rh6 83. Qd7+ Kg6 84. Qf5+ Kg7 85. Qg5+ Kh7 86. Kf5 Ra6
87. Qd8 Ra2 88. Qe7+ Kh6 89. Qf8+ 1-0

[Event "ECC"]
[Site "Rethymnon GRE"]
[Date "2003.09.30"]
[Round "3"]
[White "Ivanov,O UKR"]
[Black "Golod,V"]
[Result "1/2-1/2"]
[WhiteElo "2457"]
[BlackElo "2555"]
[EventDate "2003.09.28"]

1. e4 e5 2. Nf3 Nc6 3. Bb5 a6 4. Ba4 Nf6 5. O-O Be7 6. Re1 b5 7. Bb3 d6 8.
c3 O-O 9. a4 b4 10. h3 Bb7 11. d4 bxc3 12. Nxc3 Rb8 1/2-1/2

[Event "ECC"]
[Site "Rethymnon GRE"]
[Date "2003.09.30"]
[Round "3"]
[White "Vydeslaver,Ali"]
[Black "Kuzubov,Y"]
[Result "1/2-1/2"]
[WhiteElo "2449"]
[BlackElo "2400"]
[EventDate "2003.09.28"]

1. e4 d6 2. d4 Nf6 3. Nc3 g6 4. Bg5 Bg7 5. Qd2 c6 6. f4 O-O 7. Bd3 b5 8.
Nf3 Bg4 9. O-O Qb6 10. Ne2 Nbd7 11. Kh1 Bxf3 12. Rxf3 Rae8 13. Raf1 d5 14.
exd5 Nxd5 15. f5 c5 16. Bh6 cxd4 17. Rh3 Ne3 18. Bxg7 Kxg7 19. Nxd4 Qxd4
20. Rxe3 Ne5 21. Rh3 h5 22. c3 Qd6 23. Qe2 a6 24. Re1 Ng4 25. Be4 Qe5 26.
Qf1 Rd8 27. Bb1 Qc7 28. Kg1 Rd2 29. Rf3 Rfd8 30. h3 Ne5 31. Rfe3 f6 32.
R3e2 Qd6 33. fxg6 Rxe2 34. Rxe2 Qd1 35. Qe1 1/2-1/2

[Event "ECC"]
[Site "Rethymnon GRE"]
[Date "2003.09.30"]
[Round "3"]
[White "Volkov,S"]
[Black "Goloshchapov,A"]
[Result "1-0"]
[WhiteElo "2620"]
[BlackElo "2574"]
[EventDate "2003.09.28"]

1. d4 d5 2. c4 e6 3. Nc3 c6 4. e4 dxe4 5. Nxe4 Bb4+ 6. Bd2 Qxd4 7. Bxb4
Qxe4+ 8. Be2 Na6 9. Ba5 f6 10. Qd8+ Kf7 11. O-O-O e5 12. Bd3 Qf4+ 13. Bd2
Qg4 14. Bc2 Qd7 15. Qa5 Qc7 16. Qc3 Ne7 17. f4 e4 18. Bxe4 Nc5 19. Bf3 Rd8
20. Be3 Rxd1+ 21. Kxd1 Qd6+ 22. Qd2 Nd3 23. Ke2 Bf5 24. g4 Re8 25. Kf1 Be6
26. b3 b5 27. cxb5 cxb5 28. Be4 Rd8 29. h3 1-0

[Event "ECC"]
[Site "Rethymnon GRE"]
[Date "2003.09.30"]
[Round "3"]
[White "Schulz,KJ"]
[Black "Ivanov,Se1"]
[Result "1-0"]
[WhiteElo "2380"]
[BlackElo "2556"]
[EventDate "2003.09.28"]

1. c4 e5 2. e3 Nf6 3. Nc3 Bb4 4. Nd5 Nxd5 5. cxd5 O-O 6. a3 Be7 7. d3 c6 8.
Nf3 Qa5+ 9. Bd2 Qxd5 10. Bc3 d6 11. h4 Bg4 12. Be2 h5 13. e4 Qe6 14. Ng5
Bxe2 15. Qxe2 Qg4 16. f3 Qg3+ 17. Kd1 Bxg5 18. Rh3 Qf4 19. hxg5 Qxg5 20.
Kc2 Nd7 21. Rah1 f6 22. Rxh5 Qg6 23. Bb4 c5 24. d4 d5 25. dxc5 Rfd8 26. Kc1
Nf8 27. Qb5 Rab8 28. exd5 Qxg2 29. Qc4 Kf7 30. c6 Rbc8 31. Bxf8 Rxf8 32.
d6+ Kg6 33. c7 Qxf3 34. R5h4 b5 35. Qe6 Kg5 36. R1h3 Qf1+ 37. Kc2 Qf2+ 38.
Kc3 Qe1+ 39. Kb3 Qd1+ 40. Ka2 g6 41. Rg3+ 1-0

[Event "ECC"]
[Site "Rethymnon GRE"]
[Date "2003.09.30"]
[Round "3"]
[White "Yemelin,V"]
[Black "Sonntag,HH"]
[Result "1-0"]
[WhiteElo "2550"]
[BlackElo "2380"]
[EventDate "2003.09.28"]

1. e4 e5 2. Nf3 Nc6 3. Bb5 a6 4. Ba4 Nf6 5. O-O Be7 6. Re1 b5 7. Bb3 d6 8.
c3 O-O 9. d3 Na5 10. Bc2 c5 11. Nbd2 Re8 12. Nf1 h6 13. h3 Bf8 14. d4 Nc6
15. a4 Bd7 16. dxc5 dxc5 17. Ne3 Rb8 18. Nh2 Ne7 19. Qf3 Qc7 20. Nhg4 Nxg4
21. hxg4 c4 22. axb5 axb5 23. Nd5 Qb7 24. g5 hxg5 25. Bxg5 Be6 26. Qh5 f6
27. Bxf6 Bf7 28. Qg4 Nxd5 29. exd5 Bxd5 30. Bxe5 Ra8 31. Rxa8 Qxa8 32. Qh5
1-0

[Event "ECC"]
[Site "Rethymnon GRE"]
[Date "2003.09.30"]
[Round "3"]
[White "Scannell,S"]
[Black "Nedev,T"]
[Result "0-1"]
[WhiteElo "2155"]
[BlackElo "2480"]
[EventDate "2003.09.28"]

1. d4 Nf6 2. c4 g6 3. Nc3 Bg7 4. e4 O-O 5. f4 d6 6. Nf3 c5 7. d5 b5 8. cxb5
a6 9. a4 Nbd7 10. Be3 Qa5 11. Nd2 Nb6 12. bxa6 Ng4 13. Bg1 Bd4 14. Bxd4
cxd4 15. Nb3 Qb4 16. Nxd4 Qxb2 17. Nce2 Qb4+ 18. Qd2 Qxd2+ 19. Kxd2 Nf2 20.
Rg1 Nxe4+ 21. Ke3 f5 22. Nb5 Nxd5+ 23. Kd4 Nb4 24. Rc1 Nxa6 25. Nec3 Nac5
26. Bc4+ Kh8 27. Ra1 Ra5 28. Ra2 Bd7 29. Rga1 Rc8 30. Nd5 e5+ 31. fxe5 Ne6+
32. Kd3 dxe5 33. Nb6 Rd8 34. Ke3 N6c5 35. g3 Bc6 36. Rb2 g5 37. Ra3 f4+ 38.
gxf4 gxf4+ 39. Ke2 Nf6 40. Rd2 Rb8 41. Rd6 Rxb6 42. Rxf6 Bf3+ 43. Kxf3 Rxf6
44. Nc3 Rh6 0-1

[Event "ECC"]
[Site "Rethymnon GRE"]
[Date "2003.09.30"]
[Round "3"]
[White "Berndt,S"]
[Black "Shirov,A"]
[Result "0-1"]
[WhiteElo "2462"]
[BlackElo "2732"]
[EventDate "2003.09.28"]

1. e4 e5 2. Nf3 Nc6 3. Bb5 a6 4. Ba4 Nf6 5. O-O Be7 6. Re1 b5 7. Bb3 d6 8.
c3 O-O 9. d4 Bg4 10. d5 Na5 11. Bc2 c6 12. h3 Bxf3 13. Qxf3 cxd5 14. exd5
Nc4 15. Nd2 Nb6 16. Nf1 Qc7 17. Ng3 g6 18. Bh6 Rfb8 19. Rad1 Nbd7 20. h4 b4
21. Bg5 Qd8 22. h5 bxc3 23. bxc3 Rb2 24. Bb3 a5 25. Bc1 Rb1 26. Bg5 Rxd1
27. Rxd1 Nc5 28. Bc2 Nfd7 29. Be3 Bg5 30. Qg4 Bxe3 31. fxe3 Nf6 32. Qf3 Qe7
33. Rf1 Nfd7 34. Qg4 Kh8 35. Qh3 Rg8 36. Ne4 Nxe4 37. Bxe4 Nc5 38. Bc2 e4
39. Qg4 Rb8 40. Rf4 Re8 41. Qd1 Kg8 42. Qd4 f5 43. Rf1 Rb8 44. hxg6 hxg6
45. Rb1 Rxb1+ 46. Bxb1 Qh4 47. Bc2 Qe1+ 48. Kh2 Nd7 49. Bd1 Ne5 50. c4 Qf2
51. Kh1 f4 52. Qxe4 Qe1+ 53. Kh2 Qxd1 54. exf4 Qd3 55. Qe1 Ng4+ 56. Kh1 Qe3
57. Qb1 Qxf4 0-1

[Event "ECC"]
[Site "Rethymnon GRE"]
[Date "2003.09.30"]
[Round "3"]
[White "Rudolf,Hen"]
[Black "Kurajica,B"]
[Result "1/2-1/2"]
[WhiteElo "2316"]
[BlackElo "2558"]
[EventDate "2003.09.28"]

1. e4 c5 2. Nf3 Nc6 3. d4 cxd4 4. Nxd4 Qb6 5. Nb3 Nf6 6. Nc3 e6 7. Qe2 Bb4
8. Bd2 O-O 9. a3 Be7 10. O-O-O d5 11. exd5 exd5 12. Be3 Qc7 13. f3 a6 14.
Qf2 b5 15. Bc5 b4 16. axb4 Nxb4 17. Bxe7 Qxe7 18. Qc5 Qxc5 19. Nxc5 Be6 20.
Rd4 a5 21. Bb5 Rfc8 22. Nd3 Bf5 23. Kd2 Bxd3 24. Bxd3 Rab8 25. Rb1 Rc5 26.
Na4 Rc7 27. Nc3 h5 28. h4 g6 29. Ne2 Rcb7 30. b3 Rc7 31. Ra1 Rc5 32. Ra3
Nd7 33. c3 Nc6 34. Rf4 Nb6 35. g4 hxg4 36. fxg4 Ne5 37. Ra1 Rbc8 38. h5 Kg7
39. hxg6 fxg6 40. Rh1 1/2-1/2

[Event "ECC"]
[Site "Rethymnon GRE"]
[Date "2003.09.30"]
[Round "3"]
[White "Dal Borgo,A"]
[Black "Timoscenko,G"]
[Result "0-1"]
[WhiteElo "2224"]
[BlackElo "2530"]
[EventDate "2003.09.28"]

1. d4 d5 2. Nf3 Nf6 3. c4 c6 4. cxd5 cxd5 5. Nc3 Nc6 6. Bf4 a6 7. e3 Bg4 8.
Be2 e6 9. O-O Be7 10. h3 Bh5 11. Ne5 Bxe2 12. Qxe2 Rc8 13. Rac1 O-O 14.
Nxc6 Rxc6 15. Bg5 Qd7 16. Qd2 Rxc3 17. Rxc3 Ne4 18. Qc2 Bxg5 19. Rc7 Qb5
20. Qb3 Qxf1+ 0-1

[Event "ECC"]
[Site "Rethymnon GRE"]
[Date "2003.09.30"]
[Round "3"]
[White "Navara,D"]
[Black "Gulbas,C"]
[Result "1-0"]
[WhiteElo "2608"]
[BlackElo "2340"]
[EventDate "2003.09.28"]

1. c4 e5 2. g3 d6 3. Bg2 Nc6 4. Nc3 g6 5. e3 Bg7 6. Nge2 Nh6 7. O-O O-O 8.
b3 Be6 9. d4 exd4 10. exd4 Bg4 11. f3 Bd7 12. d5 Ne7 13. Bg5 Nhf5 14. Ne4
h6 15. Bf6 Bxf6 16. Nxf6+ Kg7 17. Qd3 Ng8 18. Nxd7 Qxd7 19. Bh3 h5 20. Nf4
Ngh6 21. g4 hxg4 22. fxg4 Ne7 23. Qg3 Qd8 24. g5 Nhf5 25. Bxf5 Nxf5 26.
Nh5+ gxh5 27. Rxf5 Qd7 28. Raf1 Rae8 29. Qf3 Qe7 30. Qxh5 Qe3+ 31. R1f2 Re5
32. Rxe5 Qxe5 33. Qh6+ Kg8 34. g6 Qa1+ 35. Kg2 Qg7 36. Qxg7+ Kxg7 37. Rxf7+
1-0

[Event "ECC"]
[Site "Rethymnon GRE"]
[Date "2003.09.30"]
[Round "3"]
[White "Stohl,I"]
[Black "Goossens,E"]
[Result "1-0"]
[WhiteElo "2556"]
[BlackElo "2234"]
[EventDate "2003.09.28"]

1. d4 c5 2. d5 g6 3. e4 Bg7 4. Nf3 d6 5. c4 Nf6 6. Nc3 O-O 7. h3 e5 8. g4
Na6 9. Bd3 Nc7 10. Be3 Bd7 11. Nd2 Qe7 12. Qe2 Rfb8 13. Kf1 Be8 14. Kg2 Nd7
15. h4 Nf8 16. a3 b5 17. cxb5 a6 18. bxa6 Rxb2 19. h5 Qd8 20. Rhb1 Rxb1 21.
Rxb1 Bd7 22. Nb5 Nxb5 23. Bxb5 Bxb5 24. Qxb5 Qc8 25. Qb7 Qxg4+ 26. Kf1 Qh3+
27. Ke2 Qc8 28. Qxc8 Rxc8 29. a7 Nd7 1-0

[Event "ECC"]
[Site "Rethymnon GRE"]
[Date "2003.09.30"]
[Round "3"]
[White "Sutovsky,E"]
[Black "Winants,L"]
[Result "1-0"]
[WhiteElo "2639"]
[BlackElo "2501"]
[EventDate "2003.09.28"]

1. e4 e5 2. Nf3 Nc6 3. d4 exd4 4. Nxd4 Bc5 5. Nxc6 Qf6 6. Qd2 bxc6 7. Nc3
Ne7 8. Na4 Bd6 9. Qg5 Be5 10. Qxf6 Bxf6 11. f4 d6 12. Bd2 a5 13. O-O-O O-O
14. Re1 Bd4 15. g3 Bd7 16. Bg2 Rfe8 17. e5 Nf5 18. exd6 cxd6 19. Rxe8+ Bxe8
20. Re1 Kf8 21. Bh3 Ne7 22. Bc3 Bxc3 23. Nxc3 Rd8 24. Rd1 f5 25. Na4 Bh5
26. Rd4 Ke8 27. Nb6 d5 28. Na4 Rb8 29. Nc5 Rb5 30. Ne6 Kf7 31. a4 Rb8 32.
Nc5 Ra8 33. c3 Bf3 34. b4 g6 35. Bf1 Nc8 36. Nd7 Be4 37. Ne5+ Ke6 38. Nxc6
Nb6 39. bxa5 Nc4 40. a6 Ne3 41. Bb5 Kd6 42. Nb4 1-0

[Event "ECC"]
[Site "Rethymnon GRE"]
[Date "2003.09.30"]
[Round "3"]
[White "Kreindl,H"]
[Black "Horvath,Jo1"]
[Result "0-1"]
[WhiteElo "2201"]
[BlackElo "2519"]
[EventDate "2003.09.28"]

1. d4 g6 2. Nf3 Bg7 3. Bf4 d6 4. e3 Nd7 5. h3 e5 6. Bh2 Qe7 7. Be2 f5 8.
O-O Nh6 9. c4 O-O 10. Nc3 c6 11. b4 Nf7 12. c5 e4 13. cxd6 Nxd6 14. Nd2 Nb6
15. b5 Be6 16. bxc6 bxc6 17. Na4 g5 18. Nc5 Bd5 19. a4 f4 20. a5 Nd7 21.
Nxd7 Qxd7 22. Bg4 Qf7 23. Rc1 Rad8 24. Bh5 Qb7 25. Bg4 Nf5 26. Qe2 Qf7 27.
Bxf5 Qxf5 28. Qg4 Qg6 29. h4 Rf5 30. h5 Qe6 31. Nc4 Rdf8 32. Ne5 0-1

[Event "ECC"]
[Site "Rethymnon GRE"]
[Date "2003.09.30"]
[Round "3"]
[White "Horvath,Ad"]
[Black "Lenz,A"]
[Result "1-0"]
[WhiteElo "2503"]
[BlackElo "2189"]
[EventDate "2003.09.28"]

1. e4 e6 2. d4 d5 3. Nc3 Bb4 4. e5 c5 5. dxc5 Nc6 6. Nf3 Nge7 7. Bd3 Ng6 8.
O-O Bxc5 9. Re1 Bd7 10. Bxg6 hxg6 11. Be3 Bb4 12. Qd3 Rc8 13. Bd2 a6 14.
Ne2 Be7 15. a3 Na5 16. Ned4 Nc4 17. Bc1 Qc7 18. b3 Na5 19. Bb2 Nc6 20. Nxc6
Bxc6 21. Nd4 Bd7 22. Re3 Bc5 23. Rc1 Qd8 24. Rg3 Kf8 25. Nf3 Rh5 26. Rd1
Qb6 27. Qd2 Kg8 28. Rg4 Rf5 29. Re1 Qc7 30. Rg3 Be7 31. Rc1 Bc5 32. Rh3 Be7
33. g4 Rxf3 34. Rxf3 d4 35. Qxd4 Bc6 36. Rd3 Bg5 37. Rcd1 1-0

[Event "ECC"]
[Site "Rethymnon GRE"]
[Date "2003.09.30"]
[Round "3"]
[White "Groszpeter,A"]
[Black "Petschar,H"]
[Result "1-0"]
[WhiteElo "2502"]
[BlackElo "2004"]
[EventDate "2003.09.28"]

1. e4 d6 2. d4 Nf6 3. Nc3 g6 4. g3 Bg7 5. Bg2 O-O 6. Nge2 e5 7. h3 c6 8. a4
exd4 9. Nxd4 Na6 10. O-O Nb4 11. a5 Re8 12. f4 d5 13. e5 Nd7 14. Nce2 Nf8
15. Be3 Ne6 16. Bf2 f6 17. exf6 Qxf6 18. c3 Nc7 19. Re1 a6 20. Nb3 Be6 21.
Ned4 Bd7 22. Qf3 Re7 23. Ne6 Nxe6 24. Nc5 Nxc5 25. Bxc5 Rxe1+ 26. Rxe1 Re8
27. Rxe8+ Bxe8 28. Qe3 Bd7 29. Bd4 Qd8 30. Bxg7 Kxg7 31. cxb4 Kf7 32. Qa7
Qc8 33. Kh2 h5 34. Bf1 Bf5 35. Bxa6 Qe8 36. Qxb7+ Kg8 37. Bf1 Qe1 38. Qb8+
Kh7 39. Qc7+ Kh6 40. Bg2 Qe2 41. Qb8 Kh7 42. Qb7+ Kg8 43. Qxc6 Be4 44. Qa8+
Kf7 45. Qa7+ Kg8 46. Qg1 h4 47. gxh4 Qd2 48. Qf1 Bxg2 49. Qxg2 Qxf4+ 50.
Kh1 Qc1+ 51. Qg1 Qxb2 52. Qxg6+ Kh8 53. Qe8+ Kg7 54. Qe7+ Kh8 1-0

[Event "ECC"]
[Site "Rethymnon GRE"]
[Date "2003.09.30"]
[Round "3"]
[White "Jansson,J"]
[Black "Meins,G"]
[Result "0-1"]
[WhiteElo "2256"]
[BlackElo "2454"]
[EventDate "2003.09.28"]

1. Nf3 d5 2. b3 Bg4 3. Bb2 Bxf3 4. gxf3 Nd7 5. f4 Ngf6 6. e3 g6 7. Bg2 c6
8. Nc3 Bg7 9. Ne2 O-O 10. Ng3 Re8 11. f5 e5 12. fxe6 Rxe6 13. Qe2 a5 14. f4
Nh5 15. Bxg7 Nxf4 16. Qf3 Nxg2+ 17. Qxg2 Kxg7 18. h4 Kg8 19. h5 Qf6 20. Ke2
Nc5 21. Raf1 Qg7 22. Rh4 Rae8 23. Rfh1 Ne4 24. Nxe4 Rxe4 25. hxg6 Qxg6 26.
R4h2 d4 27. Qf3 Rxe3+ 28. Qxe3 dxe3 0-1

[Event "ECC"]
[Site "Rethymnon GRE"]
[Date "2003.09.30"]
[Round "3"]
[White "Heissler,J"]
[Black "Hammerstad,A"]
[Result "1-0"]
[WhiteElo "2449"]
[BlackElo "2180"]
[EventDate "2003.09.28"]

1. e4 e6 2. d3 c5 3. Nf3 Nc6 4. g3 g6 5. Bg2 Bg7 6. O-O Nge7 7. Re1 d6 8.
c3 e5 9. a4 O-O 10. Na3 h6 11. Rb1 Be6 12. b4 b6 13. b5 Na5 14. d4 Rc8 15.
d5 Bd7 16. Nd2 f5 17. Ndc4 Nxc4 18. Nxc4 Be8 19. f4 fxe4 20. fxe5 dxe5 21.
Bxe4 Bf7 22. Ne3 Qd7 23. c4 Nf5 24. Qg4 Be8 25. Rf1 Nxe3 26. Rxf8+ Bxf8 27.
Qxd7 Bxd7 28. Bxe3 Kg7 29. Bd2 Bf5 30. Re1 Bd6 31. Bc3 Re8 32. Kf2 Bh3 33.
Ke3 Rf8 34. Bf3 h5 35. a5 g5 36. Ra1 Bg4 37. Be4 Bc8 38. axb6 axb6 39. Ra8
Bh3 40. Ra6 Rb8 41. Ra7+ Kg8 42. Bh7+ Kh8 43. Bg6 Bg4 44. Ke4 Be2 45. Rd7
1-0

[Event "ECC"]
[Site "Rethymnon GRE"]
[Date "2003.09.30"]
[Round "3"]
[White "Mueller,Ka"]
[Black "Acs,P"]
[Result "1-0"]
[WhiteElo "2521"]
[BlackElo "2606"]
[EventDate "2003.09.28"]

1. e4 c5 2. Nf3 d6 3. d4 cxd4 4. Nxd4 Nf6 5. Nc3 a6 6. Bc4 e6 7. Bb3 Nc6 8.
Be3 Be7 9. O-O O-O 10. f4 Nxd4 11. Bxd4 b5 12. e5 dxe5 13. fxe5 Nd7 14. Ne4
Bb7 15. Nd6 Bxd6 16. exd6 Qg5 17. Qe2 e5 18. Rf2 exd4 19. Qe7 Qxe7 20. dxe7
Rfe8 21. Bxf7+ Kh8 22. Re1 Nf6 23. g4 Bd5 24. Bxe8 Rxe8 25. g5 Nd7 26. Rf4
Kg8 27. Rxd4 Nb6 28. Re5 Bf7 29. Rd8 Nc8 30. c3 g6 31. Kf2 Kg7 32. Re2 Na7
33. Re6 Bxe6 34. Rxe8 Kf7 35. Ra8 Nc8 36. Rxa6 Kxe7 37. Ke3 Nd6 38. Ra7+
Bd7 39. Kf4 Nf7 40. b3 h6 41. Rxd7+ Kxd7 42. gxh6 Nxh6 43. Kg5 Nf5 44. Kxg6
Ne7+ 45. Kf7 Nd5 46. h4 Nxc3 47. h5 Ne4 48. Kg6 Nc5 49. Kf6 Ne6 50. Ke5 Ke7
51. h6 Kf7 52. b4 Nd8 53. Kd6 Kg6 54. Kc5 Kxh6 55. Kxb5 Kg6 56. a4 Kf6 57.
a5 Ke6 58. a6 Kd7 59. a7 Ne6 60. Kb6 1-0

[Event "ECC"]
[Site "Rethymnon GRE"]
[Date "2003.09.30"]
[Round "3"]
[White "Schlosser,M"]
[Black "Grabarczyk,M"]
[Result "1/2-1/2"]
[WhiteElo "2367"]
[BlackElo "2508"]
[EventDate "2003.09.28"]

1. e4 e5 2. Nf3 Nc6 3. Bb5 Nf6 4. O-O Nxe4 5. d4 Nd6 6. Bxc6 dxc6 7. dxe5
Nf5 8. Qxd8+ Kxd8 9. Nc3 h6 10. Ne4 Ne7 11. h3 Ng6 12. Re1 a5 13. a4 Bb4
14. c3 Be7 15. Ng3 h5 16. Bg5 Bxg5 17. Nxg5 Ke7 18. f4 h4 19. Ne2 c5 20. c4
Be6 21. Nxe6 fxe6 22. Kf2 Ra6 23. b3 Rb6 24. Rab1 Rd8 25. Ke3 Kf7 26. Rh1
Ne7 27. g4 hxg3 28. Nxg3 Nc6 29. Ne4 Nd4 30. Nxc5 Nf5+ 31. Kf3 Rb4 32. Rhd1
Rxd1 33. Rxd1 b6 34. Na6 Rxb3+ 35. Kf2 Rb2+ 36. Kf3 c5 37. Rd7+ Kg6 38. Nc7
1/2-1/2

[Event "ECC"]
[Site "Rethymnon GRE"]
[Date "2003.09.30"]
[Round "3"]
[White "Heberla,B"]
[Black "Kotz,H"]
[Result "1/2-1/2"]
[WhiteElo "2420"]
[BlackElo "2354"]
[EventDate "2003.09.28"]

1. e4 e5 2. Nf3 Nc6 3. Nc3 Nf6 4. g3 Bc5 5. Bg2 d6 6. d3 a6 7. O-O O-O 8.
h3 h6 9. Be3 Bxe3 10. fxe3 d5 11. Qe1 Be6 12. g4 dxe4 13. dxe4 Qd6 14. a3
Rad8 15. Qg3 Qc5 16. Rae1 Nh7 17. Rf2 1/2-1/2

[Event "ECC"]
[Site "Rethymnon GRE"]
[Date "2003.09.30"]
[Round "3"]
[White "Nurkiewicz,M"]
[Black "Brand,T"]
[Result "1/2-1/2"]
[WhiteElo "2363"]
[BlackElo "2053"]
[EventDate "2003.09.28"]

1. e4 c6 2. d4 d5 3. Nc3 dxe4 4. Nxe4 Bf5 5. Ng3 Bg6 6. Nf3 e6 7. Ne5 Nd7
8. Nxg6 hxg6 9. Bd3 Ngf6 10. Qf3 Bd6 11. Bg5 Qa5+ 12. Bd2 Qc7 13. O-O-O
O-O-O 14. Bc4 Rh4 15. Ne2 Rdh8 16. h3 Nb6 17. Bb3 Nbd5 18. g3 Rxh3 19. Rxh3
Rxh3 20. c4 Ne7 21. c5 Nf5 22. cxd6 Qxd6 23. Bf4 Qb4 24. Bg5 a5 25. Bc2 Qc4
26. Kb1 a4 27. a3 Nd5 28. Rc1 Nxd4 29. Nxd4 Qxd4 30. Qxf7 Rh2 31. Qe8+
1/2-1/2

[Event "ECC"]
[Site "Rethymnon GRE"]
[Date "2003.09.30"]
[Round "3"]
[White "Zoler,D"]
[Black "Solozhenkin,E"]
[Result "1/2-1/2"]
[WhiteElo "2539"]
[BlackElo "2523"]
[EventDate "2003.09.28"]

1. d4 Nf6 2. c4 e6 3. Nf3 b6 4. g3 Ba6 5. b3 b5 6. cxb5 Bxb5 7. Bg2 d5 8.
O-O Nbd7 9. Nc3 Ba6 10. Bb2 c5 11. Rc1 Rc8 12. Re1 Be7 13. e4 dxe4 14. Nxe4
Nxe4 15. Rxe4 Bb7 16. Re1 O-O 17. Ne5 Bxg2 18. Kxg2 Nxe5 19. dxe5 Qa5 20.
Bc3 Qb6 21. Re4 Rfd8 22. Qe2 Qb7 23. f3 Rd5 24. Rc2 Rcd8 25. Ba5 R8d7 26.
Be1 h6 27. Bf2 Qb8 28. Kh3 Qd8 29. Be3 Qf8 30. f4 Bd8 31. Rec4 Bb6 32. Qf2
f6 33. Bxc5 Bxc5 34. Rxc5 fxe5 35. Rxd5 Rxd5 36. fxe5 Qxf2 37. Rxf2 Rxe5
38. Rc2 a5 39. Kg4 Rf5 40. a3 h5+ 41. Kh3 Rb5 42. Rc3 Kf7 43. g4 hxg4+ 44.
Kxg4 Kf6 45. Kf4 Rh5 46. Rf3 Ke7 47. h3 Kd6 48. Ke4 Rh4+ 49. Kd3 Kd5 50.
Kc3 e5 51. Rg3 Kc5 1/2-1/2

[Event "ECC"]
[Site "Rethymnon GRE"]
[Date "2003.09.30"]
[Round "3"]
[White "Karttunen,M"]
[Black "Kantsler,B"]
[Result "1-0"]
[WhiteElo "2381"]
[BlackElo "2472"]
[EventDate "2003.09.28"]

1. d4 d6 2. c4 e5 3. d5 a5 4. e4 Na6 5. Bd3 Nc5 6. Nc3 Be7 7. b3 Nf6 8. Bc2
O-O 9. a3 c6 10. Rb1 cxd5 11. exd5 Bg4 12. f3 Bh5 13. Nge2 Bg6 14. O-O Nfd7
15. Bxg6 hxg6 16. Be3 Bg5 17. Bf2 Bh4 18. g3 Be7 19. b4 axb4 20. axb4 Na6
21. Qb3 Kh7 22. Nb5 Rc8 23. Rfd1 e4 24. fxe4 Ne5 25. Rbc1 Qd7 26. Na7 Ra8
27. Nf4 g5 28. Nd3 Nf3+ 29. Kg2 Qg4 30. Ne1 Ne5 31. Qb1 Qh5 32. Nb5 Rh8 33.
Nd4 Kg8 34. Bg1 Qh3+ 35. Kh1 Ng4 36. Rd2 Bf6 37. Nf5 g6 38. Ne3 Nxe3 39.
Bxe3 Qxg3 40. Bg1 1-0

[Event "ECC"]
[Site "Rethymnon GRE"]
[Date "2003.09.30"]
[Round "3"]
[White "Bitansky,I"]
[Black "Salmensuu,O"]
[Result "1-0"]
[WhiteElo "2378"]
[BlackElo "2410"]
[EventDate "2003.09.28"]

1. e4 e6 2. d3 d5 3. Qe2 Nf6 4. Nf3 Be7 5. g3 b5 6. e5 Nfd7 7. Bg2 a5 8.
O-O b4 9. c4 bxc3 10. bxc3 Ba6 11. Rd1 Nc6 12. h4 Rb8 13. Bf4 Nc5 14. c4
Nb4 15. Ne1 O-O 16. Nc3 d4 17. Ne4 Nxe4 18. Bxe4 Bb7 19. Nf3 c5 20. a3 Na6
21. Nd2 h6 22. Qg4 Kh8 23. Qh5 Qe8 24. Bxb7 Rxb7 25. Rab1 Rxb1 26. Rxb1 Nb8
27. Bxh6 gxh6 28. Qxh6+ Kg8 29. Ne4 Nd7 30. Nf6+ Nxf6 31. exf6 Bxf6 32.
Qxf6 Qd8 33. Qe5 Qe7 34. Re1 Re8 35. Qh5 f5 36. Qg6+ Kf8 37. Re5 Qb7 38. h5
Qb1+ 39. Kg2 Qb7+ 40. Kg1 Qb1+ 41. Kg2 Qb7+ 42. Kh2 Qb2 43. Qh6+ Kf7 44.
Kg2 Qb7+ 45. Kh2 Qb2 46. Kg2 Qb7+ 47. f3 Qc8 48. Qg6+ Ke7 49. Qxf5 Rf8 50.
Qg5+ Kd6 51. Re2 Rf5 52. Qg6 Rf8 53. h6 Qd7 54. Qg5 Rf5 55. Qg8 Rh5 56. Qg6
Rf5 57. h7 Rf8 58. Qg8 Qc8 59. Rxe6+ Kd7 1-0

[Event "ECC"]
[Site "Rethymnon GRE"]
[Date "2003.09.30"]
[Round "3"]
[White "Nevanlinna,R"]
[Black "Finkel,A"]
[Result "1-0"]
[WhiteElo "2357"]
[BlackElo "2458"]
[EventDate "2003.09.28"]

1. e4 g6 2. d4 Bg7 3. Bc4 c5 4. c3 cxd4 5. cxd4 Qc7 6. Na3 Nc6 7. Nf3 d6 8.
O-O Nf6 9. Nb5 Qb8 10. d5 a6 11. dxc6 axb5 12. Bxb5 O-O 13. Re1 Qc7 14. e5
dxe5 15. Nxe5 Ra5 16. Qe2 Ne4 17. Qxe4 Rxb5 18. Bf4 Bf5 19. Qe2 Qb6 20. c7
Rxb2 21. Nc4 Rxe2 22. Nxb6 Rc2 23. Rac1 1-0

[Event "ECC"]
[Site "Rethymnon GRE"]
[Date "2003.09.30"]
[Round "3"]
[White "Stisis,Y"]
[Black "Laihonen,P"]
[Result "1-0"]
[WhiteElo "2397"]
[BlackElo "2260"]
[EventDate "2003.09.28"]

1. e4 Nf6 2. e5 Nd5 3. d4 d6 4. c4 Nb6 5. exd6 exd6 6. h3 Be7 7. Bd3 O-O 8.
Ne2 Nc6 9. Nbc3 Bf6 10. b3 a5 11. Be3 a4 12. Rc1 axb3 13. axb3 g6 14. O-O
Re8 15. Bb1 Bg7 16. Qd2 Ne7 17. Ng3 d5 18. c5 Nd7 19. Rfe1 Nf8 20. Bh6 Bh8
21. Bf4 Ne6 22. Nb5 Bd7 23. Rxe6 Bxb5 24. Re3 Nc6 25. Rxe8+ Qxe8 26. Bxc7
Nxd4 27. Re1 Qd7 28. Bd6 Re8 29. Re3 Bc6 30. b4 Nb5 31. Bf4 Rxe3 32. Qxe3
Qe6 33. Ne2 Qxe3 34. Bxe3 f5 35. Bd2 d4 36. Ba2+ Kf8 37. Nf4 Nc3 38. Bc4
Ke7 39. f3 Be5 40. Kf2 Kf8 41. Ke1 Nb1 42. Bc1 Ke7 43. Ke2 Nc3+ 44. Kd3 Bd7
45. Ne2 Nxe2 46. Kxe2 f4 47. Kd2 Kd8 48. Bd5 Kc8 49. Kd3 Bf5+ 50. Kc4 Bb1
51. Kb3 Bd3 52. Bc4 Bf5 53. Bf1 g5 54. Kc4 Be6+ 55. Kd3 Bf5+ 56. Kd2 h6 57.
Bc4 Kc7 58. b5 Bf6 59. Bd5 Bd7 60. b6+ Kb8 61. Kd3 Bf5+ 62. Be4 Bd7 63. Kc4
Be6+ 64. Kd3 Bd7 65. Kd2 Bb5 66. Bd3 Bd7 67. Bb2 Be6 68. Ba3 Be5 69. Bb5
Ba2 70. c6 bxc6 71. Bxc6 Bc4 72. Bf8 Bf1 73. Bxh6 Bxg2 74. Kd3 Bxh3 75. Ke4
d3 76. Kxe5 d2 77. Ba4 g4 78. Kxf4 gxf3 79. Kxf3 Kb7 80. Be3 Bf1 81. Bd1
Bc4 82. Bd4 Bd5+ 83. Ke3 1-0